[Event "C.to Provinciale BI-VC"]
[Site "Valle Mosso ITA"]
[Date "2010.04.09"]
[Round "4"]
[White "Ferrari, Lorenzo"]
[Black "Santo, Elena"]
[Result "1-0"]
[WhiteElo "1652"]
[BlackElo "1455"]
[PlyCount "53"]
[EventDate "2010.03.12"]

1. f4 e6 2. Nf3 Nf6 3. e3 d5 4. Nc3 Bb4 5. Be2 O-O 6. O-O Bxc3 7. bxc3 Bd7 8.
a4 Nc6 9. a5 a6 10. Ba3 Re8 11. d3 Nxa5 12. Ne5 Nc6 13. Bf3 Na7 14. g4 h6 15.
g5 Nh7 16. gxh6 gxh6 17. Kh1 Qh4 18. Rg1+ Ng5 19. Nxd7 Kh7 20. fxg5 Kg6 21.
Ne5+ Kh7 22. d4 hxg5 23. Nxf7 Rg8 24. Qd3+ Rg6 25. Rxg5 Rag8 26. Rh5+ Qxh5 27.
Bxh5 1-0

[Event "C.to Provinciale BI-VC"]
[Site "Valle Mosso ITA"]
[Date "2010.04.09"]
[Round "4"]
[White "Santo, Sebastiano"]
[Black "Isoardi, Luigi"]
[Result "0-1"]
[WhiteElo "1469"]
[BlackElo "1425"]
[PlyCount "132"]
[EventDate "2010.03.12"]

1. e4 e5 2. Nf3 d6 3. d4 exd4 4. Qxd4 Nc6 5. Bb5 Bd7 6. Bxc6 Bxc6 7. Bg5 f6 8.
Bh4 Be7 9. Nc3 Nh6 10. O-O-O O-O 11. Nd5 Rf7 12. h3 Bxd5 13. Qxd5 c6 14. Qe6
Qc7 15. g4 Qc8 16. Qb3 Kf8 17. Bg3 Qc7 18. Nd4 Qb6 19. Qc4 Kg8 20. f4 d5 21.
exd5 cxd5 22. Qb5 Bc5 23. Qxb6 Bxb6 24. Rhe1 Bxd4 25. Rxd4 Rd7 26. Red1 Rad8
27. b3 b5 28. a4 a6 29. axb5 axb5 30. Rb4 d4 31. Rxb5 d3 32. c4 d2+ 33. Kc2 Rd3
34. Rd5 R8xd5 35. cxd5 Rxg3 36. Rxd2 Re3 37. d6 Re8 38. Rd5 Kf7 39. f5 Re5 40.
Rxe5 fxe5 41. Kd3 Ke8 42. Ke4 Nf7 43. Kd5 Kd7 44. b4 e4 45. Kxe4 Kxd6 46. h4
Ne5 47. g5 Nc4 48. h5 Ke7 49. h6 gxh6 50. f6+ Ke6 51. gxh6 Kxf6 52. Kf4 Kg6 53.
b5 Kxh6 54. Kg4 Kg6 55. Kh4 h5 56. Kh3 Kg5 57. Kg3 h4+ 58. Kh3 Nb6 59. Kh2 Kg4
60. Kh1 Nd5 61. Kh2 h3 62. Kg1 Kg3 63. Kh1 Nf6 64. b6 Ng4 65. b7 Nf2+ 66. Kg1
h2+ 0-1

[Event "C.to Provinciale BI-VC"]
[Site "Valle Mosso ITA"]
[Date "2010.04.09"]
[Round "4"]
[White "Siclari, Alberto"]
[Black "Avetta, Gianmario"]
[Result "0-1"]
[WhiteElo "1461"]
[BlackElo "1703"]
[PlyCount "58"]
[EventDate "2010.03.12"]

1. f4 g6 2. Nf3 Bg7 3. g3 d6 4. c3 Nc6 5. Bg2 e5 6. d3 Nge7 7. O-O O-O 8. e4
Bd7 9. Nh4 Qc8 10. Na3 f5 11. Be3 Rf7 12. Nf3 h6 13. Qd2 Kh7 14. Kf2 a6 15. Rh1
fxe4 16. dxe4 Bh3 17. Rag1 Qg4 18. Bxh3 Qxh3 19. g4 exf4 20. Bxf4 Rxf4 21. Rg3
Rxf3+ 22. Kxf3 Ne5+ 23. Ke2 Qh4 24. Rhg1 Qxh2+ 25. R1g2 Qh4 26. Nc2 Rf8 27. Nd4
Qf6 28. Qc2 Qf1+ 29. Ke3 Nc4# 0-1

[Event "C.to Provinciale BI-VC"]
[Site "Valle Mosso ITA"]
[Date "2010.04.09"]
[Round "4"]
[White "Siclari, Giovanni"]
[Black "Migliorini, Matteo"]
[Result "0-1"]
[WhiteElo "1434"]
[BlackElo "1638"]
[PlyCount "166"]
[EventDate "2010.03.12"]

1. f4 g6 2. e4 Bg7 3. d3 d6 4. Nf3 e5 5. g3 exf4 6. gxf4 d5 7. Nc3 Ne7 8. Bg2
dxe4 9. Nxe4 O-O 10. O-O Nbc6 11. c3 Nf5 12. Nc5 Nce7 13. d4 Nd5 14. Qd3 c6 15.
Bd2 Nh4 16. Nxh4 Qxh4 17. Qg3 Qf6 18. Ne4 Qd8 19. Rae1 Bf5 20. Bh3 Bxh3 21.
Qxh3 b6 22. f5 Qd7 23. Bh6 f6 24. Bxg7 Kxg7 25. Qg3 g5 26. h4 h6 27. hxg5 hxg5
28. Kg2 Rh8 29. c4 Ne7 30. Nxg5 fxg5 31. Qxg5+ Kf7 32. f6 Qh3+ 33. Kf2 Qf5+ 34.
Qxf5 Nxf5 35. Kg2 Rag8+ 36. Kf3 Kxf6 37. Ke4 Re8+ 38. Kd3 Rxe1 39. Rxe1 Rd8 40.
Rf1 Rxd4+ 41. Kc3 Rd7 42. b4 Re7 43. Kd3 Re5 44. a4 Ke6 45. Rg1 Re3+ 46. Kd2
Rg3 47. Re1+ Kd6 48. Rf1 Ke5 49. Re1+ Kd4 50. b5 c5 51. Rf1 Rg2+ 52. Kc1 Ne3
53. Rf4+ Kc3 54. Kb1 Nxc4 55. a5 Nd2+ 56. Ka2 Nb3+ 57. Ka3 Nxa5 58. Rf3+ Kc2
59. Ka2 Nc4 60. Rh3 Rd2 61. Rg3 Nd6 62. Ka1 Rd3 63. Rg2+ Kb3 64. Rg1 Nf5 65.
Kb1 Nd4 66. Ka1 Ne2 67. Rb1+ Ka3 68. Re1 Nc3 69. Rc1 Rd1 70. Rxd1 Nxd1 71. Kb1
Ne3 72. Ka1 Kb3 73. Kb1 Kc3 74. Kc1 Kd3 75. Kb2 Kd2 76. Kb1 c4 77. Ka2 c3 78.
Ka1 c2 79. Ka2 c1=Q 80. Kb3 Qc3+ 81. Ka2 Qb4 82. Ka1 Kc1 83. Ka2 Qb2# 0-1

[Event "C.to Provinciale BI-VC"]
[Site "Valle Mosso ITA"]
[Date "2010.04.09"]
[Round "4"]
[White "Squara, Marco"]
[Black "Tibaldeschi, Attilio"]
[Result "0-1"]
[WhiteElo "1824"]
[BlackElo "1750"]
[PlyCount "90"]
[EventDate "2010.03.12"]

1. d4 d5 2. c4 e6 3. cxd5 exd5 4. Nc3 Nf6 5. Bg5 Be7 6. e3 O-O 7. Bd3 c6 8.
Bxf6 Bxf6 9. Qc2 g6 10. Nge2 Qe7 11. O-O Nd7 12. a3 b6 13. b4 Bb7 14. Rab1 Rac8
15. Qd2 Bg5 16. f4 Bh6 17. Ng3 Rce8 18. Rbe1 Qf6 19. Nd1 c5 20. dxc5 bxc5 21.
bxc5 Nxc5 22. Bc2 Ne4 23. Nxe4 dxe4 24. Qb4 Qc6 25. Ba4 Qd5 26. Bxe8 Rxe8 27.
Nc3 Qc6 28. Rc1 Bf8 29. Qb3 Qa6 30. a4 Bc5 31. Nd1 Bb6 32. Rf2 Qa5 33. h3 Ba6
34. Nb2 Bd3 35. Nd1 Qe1+ 36. Kh2 Bxe3 37. Rc7 Rf8 38. Nxe3 Qxf2 39. Nd5 Qd4 40.
Qb7 e3 41. Rd7 Kg7 42. f5 Bxf5 43. Ne7 Qf4+ 44. Kh1 Bxd7 45. Qxd7 e2 0-1

[Event "C.to Provinciale BI-VC"]
[Site "Valle Mosso ITA"]
[Date "2010.04.09"]
[Round "4"]
[White "Stefanini, Niccolo'"]
[Black "Bozio, Stefano"]
[Result "1-0"]
[WhiteElo "1464"]
[BlackElo "1386"]
[PlyCount "123"]
[EventDate "2010.03.12"]

1. e4 e5 2. Nf3 Nc6 3. d4 exd4 4. Nxd4 Nxd4 5. Qxd4 d6 6. Nc3 Nf6 7. Bf4 Be7 8.
Be2 c6 9. Rd1 d5 10. exd5 cxd5 11. Nxd5 Qa5+ 12. b4 Qxd5 13. Qxd5 Nxd5 14. Rxd5
Bxb4+ 15. Kd1 Be6 16. Rb5 Rd8+ 17. Kc1 Ba3+ 18. Kb1 Bd5 19. Ra5 Bd6 20. Bxd6
Rxd6 21. Rd1 Rb6+ 22. Rb5 Bxg2 23. Rxb6 axb6 24. Rg1 Bd5 25. Rxg7 Ke7 26. Rg4
Ke6 27. Rg7 Ke7 28. a3 h6 29. Kb2 Kf6 30. Rg4 Rc8 31. Bf1 h5 32. Rb4 Rc6 33. h4
Ke5 34. Be2 Be4 35. c3 Bg6 36. Rb5+ Kf4 37. Bxh5 Bxh5 38. Rxh5 Kg4 39. Rh7 Rf6
40. Kb3 Rxf2 41. h5 f5 42. h6 f4 43. Rh8 f3 44. h7 Rh2 45. Rg8+ Kf4 46. h8=Q
Rxh8 47. Rxh8 f2 48. a4 Kg3 49. Rf8 Kg2 50. Kb4 f1=Q 51. Rxf1 Kxf1 52. Kb5 Ke2
53. Kxb6 Kd3 54. Kxb7 Kxc3 55. a5 Kb4 56. a6 Kb5 57. a7 Kc5 58. a8=Q Kd6 59.
Qa5 Ke6 60. Kc6 Ke7 61. Qf5 Ke8 62. Kd6 1-0

[Event "C.to Provinciale BI-VC"]
[Site "Valle Mosso ITA"]
[Date "2010.04.09"]
[Round "4"]
[White "Ubezio, Marco"]
[Black "Scarrone Alberto"]
[Result "1-0"]
[WhiteElo "2139"]
[BlackElo "1820"]
[PlyCount "55"]
[EventDate "2010.03.12"]

1. e4 e5 2. Nf3 Nf6 3. Nxe5 d6 4. Nf3 Nxe4 5. Nc3 Nf6 6. d4 d5 7. Bd3 Bg4 8.
Bg5 Be7 9. h3 Bh5 10. Qe2 Nc6 11. g4 Bg6 12. O-O-O Bxd3 13. Rxd3 Ng8 14. Re3 f6
15. Bf4 Qd7 16. Re1 O-O-O 17. a3 a6 18. Qd3 g5 19. Bg3 h5 20. Re6 hxg4 21. hxg4
Nh6 22. Na4 Nxg4 23. Rxe7 Nxe7 24. Nc5 Nxf2 25. Bxf2 Qd6 26. Kb1 Ng8 27. Re6
Qh2 28. Nxh2 1-0

[Event "C.to Provinciale BI-VC"]
[Site "Valle Mosso ITA"]
[Date "2010.04.09"]
[Round "4"]
[White "Zannoni, Gianni"]
[Black "Licco, Nunzio"]
[Result "1-0"]
[WhiteElo "1845"]
[BlackElo "1628"]
[PlyCount "37"]
[EventDate "2010.03.12"]

1. e4 e5 2. Nf3 Nc6 3. Bb5 a6 4. Ba4 Nf6 5. O-O Be7 6. Re1 b5 7. Bb3 O-O 8. d4
exd4 9. e5 Ne8 10. Bf4 Bc5 11. c3 dxc3 12. Nxc3 Bb7 13. Rc1 Na5 14. Bd5 c6 15.
Be4 Qb6 16. Qc2 d6 17. Bxh7+ Kh8 18. Ne4 Kxh7 19. Nf6+ 1-0

[Event "C.to Provinciale BI-VC"]
[Site "Valle Mosso ITA"]
[Date "2010.04.16"]
[Round "5"]
[White "Abbruzzo, Thomas"]
[Black "Ferrari, Lorenzo"]
[Result "0-1"]
[WhiteElo "1389"]
[BlackElo "1652"]
[PlyCount "68"]
[EventDate "2010.03.12"]

1. e4 e5 2. Nf3 Nc6 3. Bc4 Be7 4. b3 d6 5. Bb2 Be6 6. Be2 Nh6 7. c4 b6 8. O-O
a5 9. h3 O-O 10. Na3 f5 11. exf5 Nxf5 12. Nb5 Bf6 13. g4 Nfd4 14. Nbxd4 exd4
15. Qc2 d5 16. d3 Nb4 17. Qd2 c5 18. Rfe1 h6 19. Bf1 Qd6 20. Bg2 Bf7 21. g5
hxg5 22. Nxg5 Bxg5 23. Qxg5 Nxd3 24. Re2 Nf4 25. Re7 dxc4 26. bxc4 Nxg2 27.
Kxg2 Qc6+ 28. Kg1 Rae8 29. Rae1 Rxe7 30. Rxe7 Qf3 31. h4 Bg6 32. Qxg6 Qxf2+ 33.
Kh1 Qxh4+ 34. Kg1 Qxe7 0-1

[Event "C.to Provinciale BI-VC"]
[Site "Valle Mosso ITA"]
[Date "2010.04.16"]
[Round "5"]
[White "Atti, Edoardo"]
[Black "Siclari, Alberto"]
[Result "0-1"]
[WhiteElo "1706"]
[BlackElo "1461"]
[PlyCount "58"]
[EventDate "2010.03.12"]

1. d4 f5 2. e3 Nf6 3. Nf3 d6 4. Bd3 g6 5. O-O Bg7 6. c3 O-O 7. Re1 Nbd7 8. Qb3+
d5 9. Nbd2 c6 10. c4 e6 11. Ng5 Qe7 12. Qc3 h6 13. Nh3 Ne4 14. Nxe4 fxe4 15.
Be2 Qf7 16. Rf1 e5 17. f3 exd4 18. exd4 Qe6 19. cxd5 cxd5 20. fxe4 Rxf1+ 21.
Bxf1 Qxe4 22. Be3 Nf6 23. Bd3 Qxe3+ 24. Nf2 Ng4 25. Rf1 Bxd4 26. Qc2 Nxf2 27.
Bxg6 Qf4 28. g3 Ng4+ 29. Kg2 Ne3+ 0-1

[Event "C.to Provinciale BI-VC"]
[Site "Valle Mosso ITA"]
[Date "2010.04.16"]
[Round "5"]
[White "Avetta, Gianmario"]
[Black "Caldi, Mario"]
[Result "0-1"]
[WhiteElo "1703"]
[BlackElo "1819"]
[PlyCount "81"]
[EventDate "2010.03.12"]

1. d4 Nf6 2. c4 g6 3. Nc3 Bg7 4. Nf3 O-O 5. Bg5 h6 6. Bh4 d6 7. e3 Nbd7 8. Qc2
c6 9. Bd3 Qa5 10. O-O Nb6 11. a3 Bg4 12. Nd2 Qh5 13. Bg3 d5 14. c5 Nbd7 15. f3
Bf5 16. Rae1 Bxd3 17. Qxd3 e5 18. b4 Rfe8 19. h3 Qg5 20. Bh2 exd4 21. exd4 Nh5
22. Ne2 Re3 23. Qc2 Rae8 24. Nb3 Qe7 25. Kf2 Qh4+ 26. Kg1 f5 27. Qd1 f4 28. Na5
Ng3 29. Bxg3 fxg3 30. Nc1 Qe7 31. Rxe3 Qxe3+ 32. Kh1 Bxd4 33. Nxb7 Bc3 34. Nd6
Re7 35. Qd3 Qxd3 36. Nxd3 Nf6 37. Rc1 Bd2 38. Rd1 Bc3 39. a4 Ne8 40. b5 Nxd6
41. cxd6 0-1

[Event "C.to Provinciale BI-VC"]
[Site "Valle Mosso ITA"]
[Date "2010.04.16"]
[Round "5"]
[White "Curinga, Mauro"]
[Black "Saviano, Sabato"]
[Result "0-1"]
[WhiteElo "1560"]
[BlackElo "1684"]
[PlyCount "66"]
[EventDate "2010.03.12"]

1. e4 c6 2. d4 d5 3. exd5 cxd5 4. Nf3 e6 5. Bb5+ Bd7 6. Bxd7+ Nxd7 7. O-O Ngf6
8. c3 Bd6 9. Bg5 O-O 10. Re1 h6 11. Bh4 Qc7 12. Nbd2 Rfe8 13. Bxf6 Nxf6 14. Ne5
Nh7 15. Ndf3 f5 16. Qc2 Nf6 17. Re3 Ne4 18. Rae1 g5 19. h3 Re7 20. Ng6 Rg7 21.
Nfe5 Kh7 22. f3 Nf6 23. g4 Rxg6 24. Nxg6 Kxg6 25. Rxe6 Kg7 26. Qxf5 Rf8 27.
R1e2 Rf7 28. Qc2 Bg3 29. Qa4 Qf4 30. Qxa7 Qxf3 31. Qa4 Ne4 32. Qd1 Bf2+ 33. Kh2
Qg3+ 0-1

[Event "C.to Provinciale BI-VC"]
[Site "Valle Mosso ITA"]
[Date "2010.04.16"]
[Round "5"]
[White "Lavino, Stefano"]
[Black "Stefanini, Niccolo'"]
[Result "1-0"]
[WhiteElo "1755"]
[BlackElo "1464"]
[PlyCount "77"]
[EventDate "2010.03.12"]

1. d4 d5 2. Nf3 Nf6 3. g3 Bf5 4. Bg2 c6 5. O-O e6 6. c3 c5 7. Ne5 Bd6 8. Bg5 h6
9. Bxf6 Qxf6 10. Qa4+ Ke7 11. f4 a6 12. Nd2 b5 13. Qd1 Nd7 14. e4 dxe4 15. Nxe4
Bxe4 16. Bxe4 Ra7 17. Nc6+ Ke8 18. Nxa7 h5 19. Nc6 h4 20. Qf3 hxg3 21. Qxg3 Qh6
22. Ne5 Nf6 23. Bf3 Rg8 24. Kh1 g5 25. Qf2 g4 26. Bc6+ Ke7 27. Rg1 cxd4 28.
cxd4 Qh3 29. Rg3 Qh4 30. Qg2 Rg7 31. Bb7 Bxe5 32. fxe5 Nh5 33. Rg1 Nxg3+ 34.
Qxg3 Qg5 35. Qa3+ Ke8 36. Bc6+ Kd8 37. Qd6+ Kc8 38. Qd7+ Kb8 39. Qb7# 1-0

[Event "C.to Provinciale BI-VC"]
[Site "Valle Mosso ITA"]
[Date "2010.04.16"]
[Round "5"]
[White "Licco, Nunzio"]
[Black "Bardone, Lorenzo"]
[Result "0-1"]
[WhiteElo "1628"]
[BlackElo "1515"]
[PlyCount "99"]
[EventDate "2010.03.12"]

1. Nf3 d5 2. d4 Nf6 3. c4 c6 4. Nc3 a6 5. e3 Bg4 6. Be2 Nbd7 7. h3 Bh5 8. O-O
e6 9. cxd5 cxd5 10. Ne5 Bxe2 11. Qxe2 Nxe5 12. dxe5 Nd7 13. f4 Bc5 14. Qg4 O-O
15. Rf3 Rc8 16. Rg3 g6 17. h4 Nb6 18. h5 Nc4 19. hxg6 hxg6 20. b3 Qa5 21. Ne2
Qe1+ 22. Kh2 Kg7 23. bxc4 Rh8+ 24. Rh3 Bxe3 25. Bb2 Qf2 26. f5 Rxh3+ 27. Qxh3
Rh8 28. Qxh8+ Kxh8 29. Ng1 Qxb2 30. Rd1 Qxe5+ 31. Kh1 Bxg1 32. Kxg1 Qxf5 33.
Rf1 Qxf1+ 34. Kxf1 dxc4 35. Ke2 b5 36. a3 a5 37. Kd2 b4 38. Kc2 b3+ 39. Kb2 Kh7
40. a4 e5 41. Kc3 e4 42. Kxc4 b2 43. Kd4 b1=Q 44. Ke3 Qd3+ 45. Kf4 e3 46. Kf3
e2+ 47. Kf2 Qd1 48. g3 e1=Q+ 49. Kg2 Qde2+ 50. Kh3 0-1

[Event "C.to Provinciale BI-VC"]
[Site "Valle Mosso ITA"]
[Date "2010.04.16"]
[Round "5"]
[White "Mehmedovic, Dzevad"]
[Black "Isoardi, Luigi"]
[Result "1-0"]
[WhiteElo "1410"]
[BlackElo "1425"]
[PlyCount "128"]
[EventDate "2010.03.12"]

1. d4 d5 2. e3 Nf6 3. Nf3 e6 4. Nc3 Be7 5. Bd3 Nc6 6. a3 Bd7 7. e4 dxe4 8. Nxe4
O-O 9. c3 Re8 10. O-O Bd6 11. Bg5 Be7 12. Bf4 Nd5 13. Bg3 Nf6 14. Qc2 Nh5 15.
Rae1 h6 16. Nc5 Bxc5 17. dxc5 Nxg3 18. fxg3 Qe7 19. Qf2 Qf6 20. Re4 e5 21. g4
Red8 22. Qe3 Qg6 23. h3 f6 24. Rb4 Qf7 25. Rxb7 Be6 26. Nh4 Qd7 27. Bb5 Rdb8
28. Rxb8+ Rxb8 29. a4 a6 30. Bxa6 Rxb2 31. Bb5 Ra2 32. c4 Qe8 33. Qe4 Bd7 34.
Nf5 Nd4 35. Qd5+ Kh7 36. Bxd7 Qb8 37. Qf7 Nxf5 38. Bxf5+ Kh8 39. Qg6 Kg8 40.
Qh7+ Kf7 41. Qg6+ Kf8 42. Be6 Qe8 43. Qxe8+ Kxe8 44. Rd1 Ke7 45. Bd7 e4 46. Bb5
Ke6 47. Re1 f5 48. gxf5+ Kxf5 49. Bc6 e3 50. Rxe3 Kf4 51. Rf3+ Ke5 52. Rf7 g5
53. Rxc7 h5 54. Rg7 Kf4 55. Kh2 g4 56. hxg4 hxg4 57. Bd5 Ra3 58. Rf7+ Kg5 59.
c6 g3+ 60. Kh3 Re3 61. c7 Re8 62. Kxg3 Rg8 63. Kf2 Kh6 64. Rf6+ Kg7 1-0

[Event "C.to Provinciale BI-VC"]
[Site "Valle Mosso ITA"]
[Date "2010.04.16"]
[Round "5"]
[White "Migliorini, Matteo"]
[Black "Vanoli, Ottavio"]
[Result "1-0"]
[WhiteElo "1638"]
[BlackElo "1527"]
[PlyCount "67"]
[EventDate "2010.03.12"]

1. e4 d6 2. d4 g6 3. Nc3 Bg7 4. Nf3 Bg4 5. Be2 Nd7 6. Be3 c6 7. a4 Ngf6 8. Qd2
O-O 9. Bh6 Bxh6 10. Qxh6 Qb6 11. e5 Qxb2 12. Kd2 dxe5 13. Rhb1 Qxa1 14. Rxa1
exd4 15. Nxd4 Ne5 16. Ke1 Bxe2 17. Kxe2 Rad8 18. Rd1 Nc4 19. Nf3 Nd6 20. Qc1 b5
21. axb5 cxb5 22. Qb2 a6 23. Ra1 Ra8 24. Ra2 Rfc8 25. Qb3 Rc4 26. Kd2 Rac8 27.
Ne2 Nde4+ 28. Ke1 Nc5 29. Qe3 Re4 30. Qd2 Ne6 31. Ng5 Rd8 32. Nxe4 Rxd2 33.
Nxf6+ exf6 34. Kxd2 1-0

[Event "C.to Provinciale BI-VC"]
[Site "Valle Mosso ITA"]
[Date "2010.04.16"]
[Round "5"]
[White "Penna, Tommaso"]
[Black "Squara, Marco"]
[Result "1/2-1/2"]
[WhiteElo "1739"]
[BlackElo "1824"]
[PlyCount "81"]
[EventDate "2010.03.12"]

1. d4 Nf6 2. c4 e6 3. Nf3 Bb4+ 4. Bd2 Qe7 5. g3 Nc6 6. Nc3 Bxc3 7. Bxc3 Ne4 8.
Rc1 Nxc3 9. Rxc3 O-O 10. Bg2 d5 11. O-O Nb8 12. Ne5 c6 13. Qc2 Nd7 14. e4 Nxe5
15. dxe5 d4 16. Rd3 c5 17. b4 b6 18. Qb2 Bb7 19. bxc5 bxc5 20. Rb1 Bc6 21. Ra3
Qc7 22. f4 Rfb8 23. Rb3 Rxb3 24. axb3 a5 25. Qa3 Qb6 26. Kf2 Qb4 27. Qb2 Rb8
28. Bf3 a4 29. Ke2 axb3 30. Kd3 Ra8 31. Qd2 Qxd2+ 32. Kxd2 Ra2+ 33. Kd3 b2 34.
Bd1 Ra3+ 35. Kd2 Bxe4 36. Rxb2 Ra8 37. Rb5 Rc8 38. Bc2 Bxc2 39. Kxc2 Kf8 40.
Kd3 g6 41. Rb7 1/2-1/2

[Event "C.to Provinciale BI-VC"]
[Site "Valle Mosso ITA"]
[Date "2010.04.16"]
[Round "5"]
[White "Santo, Sebastiano"]
[Black "Siclari, Giovanni"]
[Result "0-1"]
[WhiteElo "1469"]
[BlackElo "1434"]
[PlyCount "134"]
[EventDate "2010.03.12"]

1. e4 e6 2. Qe2 Nc6 3. Nf3 Nf6 4. g3 Bc5 5. c3 e5 6. Bg2 d6 7. O-O O-O 8. d3
Bg4 9. Be3 Bxe3 10. Qxe3 Qe7 11. Nbd2 Rad8 12. Rfe1 Rfe8 13. Rac1 Qe6 14. b3 h6
15. h4 Ne7 16. Nh2 Ng6 17. Nxg4 Qxg4 18. Qf3 Qxf3 19. Nxf3 Nd7 20. d4 f6 21. h5
Ne7 22. Bh3 Kf7 23. d5 Nc5 24. Re3 f5 25. Bxf5 Nxf5 26. exf5 Nd7 27. Nh4 Nf6
28. c4 Nxh5 29. Rce1 Nf6 30. f3 Nh7 31. g4 Nf8 32. Kg2 g5 33. fxg6+ Nxg6 34.
Nf5 Nf4+ 35. Kg3 Rh8 36. Rh1 Kg6 37. Ne7+ Kg5 38. Nf5 h5 39. Ng7 hxg4 40. Rxh8
Rxh8 41. fxg4 Kf6 42. Nf5 Rh3+ 43. Kf2 Rh2+ 44. Kg1 Rg2+ 45. Kf1 Rxg4 46. Ng3
Ke7 47. Kf2 Kd7 48. Rf3 c6 49. dxc6+ bxc6 50. Ke3 Ke6 51. a4 d5 52. cxd5+ cxd5
53. Kd2 d4 54. Ne4 Rg2+ 55. Kd1 Kd5 56. Nf6+ Ke6 57. Ne4 Kf5 58. Nd6+ Kg4 59.
Rf1 Rb2 60. Rg1+ Kf3 61. Rf1+ Kg2 62. Re1 Rb1+ 63. Kd2 Rxe1 64. Kxe1 Kf3 65.
Kd2 e4 66. Nf5 e3+ 67. Ke1 Nd3+ 0-1

[Event "C.to Provinciale BI-VC"]
[Site "Valle Mosso ITA"]
[Date "2010.04.16"]
[Round "5"]
[White "Scarrone, Alberto"]
[Black "Zannoni, Gianni"]
[Result "1-0"]
[WhiteElo "1820"]
[BlackElo "1845"]
[PlyCount "115"]
[EventDate "2010.03.12"]

1. d4 Nf6 2. c4 e6 3. g3 d5 4. Nf3 c6 5. Bg2 Bb4+ 6. Bd2 Qe7 7. O-O O-O 8. Qc2
Ne4 9. Bxb4 Qxb4 10. Ne5 Nd7 11. a3 Qb6 12. Nxd7 Bxd7 13. Bxe4 dxe4 14. c5 Qc7
15. Qxe4 Rfe8 16. Rd1 Rad8 17. Nc3 e5 18. dxe5 Rxe5 19. Qf4 Rde8 20. Rd2 Bf5
21. Rad1 Qe7 22. b4 g5 23. Qd4 h5 24. Qd6 Re6 25. Qxe7 R6xe7 26. Rd8 Kg7 27.
Rxe8 Rxe8 28. Rd6 h4 29. Rd4 hxg3 30. hxg3 f6 31. e4 Bc8 32. f3 Kf7 33. g4 Ke7
34. Rd6 Rd8 35. Rxd8 Kxd8 36. Kf2 Ke7 37. Ke3 Ke6 38. Kd4 Bd7 39. Nd1 b6 40.
Ne3 bxc5+ 41. bxc5 Bc8 42. Nc4 Ba6 43. Na5 Bb5 44. Nc4 Bxc4 45. Kxc4 Ke5 46.
Kd3 Kf4 47. Ke2 Ke5 48. Ke3 a6 49. Kd3 Kf4 50. Ke2 Kg3 51. Ke3 Kg2 52. f4 Kg3
53. fxg5 fxg5 54. e5 Kxg4 55. e6 Kh3 56. e7 g4 57. e8=Q g3 58. Kf3 1-0

[Event "C.to Provinciale BI-VC"]
[Site "Valle Mosso ITA"]
[Date "2010.04.16"]
[Round "5"]
[White "Tibaldeschi, Attilio"]
[Black "Ubezio, Marco"]
[Result "0-1"]
[WhiteElo "1750"]
[BlackElo "2139"]
[PlyCount "84"]
[EventDate "2010.03.12"]

1. Nf3 Nc6 2. b3 e5 3. d3 Bc5 4. Bb2 Nf6 5. Nbd2 d5 6. Nxe5 Bxf2+ 7. Kxf2 Nxe5
8. Bxe5 Ng4+ 9. Kg1 Nxe5 10. Nf3 O-O 11. Nxe5 Qg5 12. Qe1 Qxe5 13. h3 Bd7 14.
Rh2 Rae8 15. Rb1 f5 16. c3 f4 17. d4 Qg5 18. Qf2 Re3 19. Kh1 Qg3 20. Kg1 Bf5
21. Re1 Be4 22. c4 c6 23. h4 Rf6 24. h5 g5 25. c5 g4 26. Rh4 Qxf2+ 27. Kxf2 g3+
28. Kg1 Kf7 29. Rg4 h6 30. Rc1 a5 31. Rd1 Bh7 32. Rd2 Ke6 33. Rb2 Rf7 34. b4
Kf5 35. Rh4 Kg5 36. Rh3 Bf5 37. Rh1 axb4 38. Rxb4 Bg4 39. Rb2 Rfe7 40. a4 Bxe2
41. a5 Bxf1 42. Kxf1 Re1# 0-1

[Event "C.to Provinciale BI-VC"]
[Site "Valle Mosso ITA"]
[Date "2010.04.23"]
[Round "6"]
[White "Avetta, Gianmario"]
[Black "Curinga, Mauro"]
[Result "1-0"]
[WhiteElo "1703"]
[BlackElo "1560"]
[PlyCount "53"]
[EventDate "2010.03.12"]

1. c4 e5 2. Nc3 Nf6 3. g3 Nc6 4. Bg2 Bb4 5. e3 O-O 6. Nge2 d6 7. O-O Be6 8. Qb3
Rb8 9. Nd5 Bc5 10. a3 Bxd5 11. cxd5 Ne7 12. Nc3 c6 13. dxc6 bxc6 14. Qa4 d5 15.
b4 Bb6 16. Bb2 Qd6 17. Rac1 e4 18. Ne2 Rbc8 19. Bd4 Nf5 20. Bc5 Bxc5 21. Rxc5
Nd7 22. Rc3 Rc7 23. Rfc1 Nb6 24. Qc2 Nc4 25. d3 exd3 26. Qxd3 Ne7 27. Rxc4 1-0

[Event "C.to Provinciale BI-VC"]
[Site "Valle Mosso ITA"]
[Date "2010.04.23"]
[Round "6"]
[White "Bozio, Stefano"]
[Black "Licco, Nunzio"]
[Result "0-1"]
[WhiteElo "1386"]
[BlackElo "1628"]
[PlyCount "82"]
[EventDate "2010.03.12"]

1. e4 e5 2. Nf3 Nc6 3. Nc3 d6 4. d4 exd4 5. Nxd4 Nf6 6. Nxc6 bxc6 7. Bg5 Be7 8.
Qe2 O-O 9. O-O-O Nd7 10. Bf4 Bg5 11. Qg4 Bxf4+ 12. Qxf4 Ne5 13. Qg3 Qf6 14. f4
Ng6 15. f5 Ne5 16. Bd3 Nxd3+ 17. Qxd3 a5 18. Qd4 Qg5+ 19. Qd2 Qe7 20. Rhe1 a4
21. a3 Bb7 22. g4 h6 23. Qd4 f6 24. Nxa4 c5 25. Qc4+ Kh8 26. Nc3 Qe5 27. h3
Rab8 28. Nb5 Ba6 29. Qc3 Qf4+ 30. Qd2 Qxd2+ 31. Rxd2 Rxb5 32. b3 Rfb8 33. a4
R5b6 34. h4 c4 35. g5 cxb3 36. gxf6 bxc2 37. fxg7+ Kxg7 38. Rg1+ Kh7 39. Kxc2
Rb2+ 40. Kc3 Rxd2 41. Kxd2 Rb2+ 0-1

[Event "C.to Provinciale BI-VC"]
[Site "Valle Mosso ITA"]
[Date "2010.04.23"]
[Round "6"]
[White "Isoardi, Luigi"]
[Black "Atti, Edoardo"]
[Result "1-0"]
[WhiteElo "1425"]
[BlackElo "1706"]
[PlyCount "77"]
[EventDate "2010.03.12"]

1. d4 d5 2. Bf4 e6 3. Nf3 Nc6 4. e3 a6 5. Be2 Nf6 6. h3 Bd6 7. Bxd6 Qxd6 8.
Nbd2 O-O 9. O-O b5 10. b3 h6 11. c4 dxc4 12. bxc4 bxc4 13. Nxc4 Qd7 14. Nfe5
Nxe5 15. Nxe5 Qe8 16. Rb1 Nd5 17. Qc2 Bd7 18. Bf3 Rc8 19. Rb7 f6 20. Ng6 Rf7
21. Bh5 Qd8 22. Rfb1 a5 23. Qc5 Nb4 24. Qxa5 Nc6 25. Qc3 Ra8 26. Qb2 Bc8 27.
Rb5 Ba6 28. Rc5 Rb8 29. Qc1 Nb4 30. Qd2 Nd3 31. Rxb8 Qxb8 32. Nf4 Qb1+ 33. Kh2
Nxc5 34. Bxf7+ Kxf7 35. dxc5 Bb5 36. Qa5 Bd7 37. c6 Be8 38. Qxc7+ Kf8 39. Nxe6+
1-0

[Event "C.to Provinciale BI-VC"]
[Site "Valle Mosso ITA"]
[Date "2010.04.23"]
[Round "6"]
[White "Mehmedovic, Dzevad"]
[Black "Penna, Tommaso"]
[Result "1-0"]
[WhiteElo "1410"]
[BlackElo "1739"]
[PlyCount "133"]
[EventDate "2010.03.12"]

1. e3 e5 2. d4 exd4 3. exd4 d5 4. Nf3 Bd6 5. Nc3 c6 6. Bd3 Bg4 7. h3 Bh5 8. Be2
Nf6 9. O-O O-O 10. Re1 Nbd7 11. Be3 Re8 12. a3 Qc7 13. Ng5 Bxe2 14. Qxe2 Bf4
15. Qd3 h6 16. Nf3 Ne4 17. Re2 Ndf6 18. Rae1 Re7 19. Bxf4 Qxf4 20. Ne5 Rae8 21.
Nd1 Nc5 22. dxc5 Rxe5 23. Ne3 Qe4 24. Kf1 Nd7 25. b4 a5 26. Qxe4 Rxe4 27. c3
Ra8 28. Nc2 Nf6 29. f3 Rc4 30. Re3 axb4 31. axb4 Ra2 32. R1e2 d4 33. Nxd4 Ra1+
34. Kf2 Nd5 35. Re8+ Kh7 36. Rb2 Nxc3 37. Nc2 Nd1+ 38. Kg3 Nxb2 39. Nxa1 Rxb4
40. Re7 Nd3 41. Rxf7 Nxc5 42. Nc2 Rb2 43. Ne3 Kg6 44. Rf4 Ne6 45. Re4 Ng5 46.
Re5 Kf6 47. f4 Nf7 48. Ng4+ Kg6 49. Re6+ Kf5 50. Re7 Rb3+ 51. Kh4 Kg6 52. f5+
Kxf5 53. Rxf7+ Kg6 54. Ne5+ Kh7 55. g4 Rb5 56. Re7 Kg8 57. Re8+ Kh7 58. Kh5 g6+
59. Kh4 Rb3 60. Re7+ Kg8 61. Nxg6 c5 62. Rc7 b6 63. Ne5 Rb4 64. Rc6 c4 65. Nxc4
b5 66. Nd6 Kf8 67. Rb6 1-0

[Event "C.to Provinciale BI-VC"]
[Site "Valle Mosso ITA"]
[Date "2010.04.23"]
[Round "6"]
[White "Santo, Elena"]
[Black "Abbruzzo, Thomas"]
[Result "0-1"]
[WhiteElo "1455"]
[BlackElo "1389"]
[PlyCount "62"]
[EventDate "2010.03.12"]

1. e4 e6 2. Nf3 d5 3. exd5 exd5 4. d4 Nf6 5. Bg5 Nc6 6. Be2 Be7 7. O-O O-O 8.
Nc3 h6 9. Bxf6 Bxf6 10. h3 Qd6 11. Bb5 Be6 12. Bxc6 Qxc6 13. a3 Qb6 14. b4 a5
15. b5 c5 16. dxc5 Qxc5 17. Na4 Qxb5 18. Rb1 Qxa4 19. Rxb7 Qxa3 20. Qb1 Rfc8
21. Qb5 Qc5 22. Qxc5 Rxc5 23. Ne1 d4 24. Nd3 Rxc2 25. Nf4 Rac8 26. Rfb1 Be5 27.
g3 Ba2 28. Re1 Rc1 29. Rxc1 Rxc1+ 30. Kg2 Bxf4 31. gxf4 Bd5+ 0-1